MDQL
is popping MORE tags! Check the
thread
!
Quizzes
Events
Quiz Creation
Community
Videos
Private Events
Remove Ads
Sign In
Join for FREE
Feedback
Dark Mode
Quiz Categories
Sports
Geography
Music
Movies
Television
Just For Fun
Miscellaneous
History
Literature
Language
Science
Gaming
Entertainment
Religion
Holiday
For Kids
Quiz Lab
Recent
Popular Today
Quiz Kudos Today
Editor Picks
Curator Picks
Quizzes by...
Day
Popularity
Type
Ratings
Length
Year
Community
Subscriptions
Recent Discussions
Orange Saloon
Badges
Playlists
Quests
Create
Leaderboards
Showdown
Live 5
Trivia Bingo
Activity
Puzzle Library
Sporcle Events
Private Events
Virtual Trivia
Globe League
Become a Host
Pub Owners
SporcleCon
Opinionation
Our Games
Videos
Blog
Mobile Apps
Partnerships
Remove Ads and Go Orange
Feedback
Geography
Country
Landmarks
City
State
Population
World
Capital
Continent
Flags
Europe
Africa
Asia
South America
North America
Oceania
Border
Canada
United Kingdom
Topography
United States
Geography
Country
Landmarks
City
State
Population
World
Capital
Continent
Flags
Europe
Africa
Asia
South America
North America
Oceania
Border
Canada
United Kingdom
Topography
United States
Random Quiz
Search Sporcle
×
Curator Pick
Curator Pick
Geography
City
Type in answers that appear in a list
Type in answers that appear in a list
Classic
Best Score? Go Orange.
Most Populous Cities in European Germanic Countries Stats
Can you name the most populous cities in European Germanic countries?
By
ThatSerbianGuy
5m
28 Questions
1,939 Plays
1,939 Plays
1,939 Plays
Comments
Comments
Give Quiz Kudos
Give Quiz Kudos
-
- Ratings
hide this ad
Replay
Link that replays current quiz
Next Quiz
Link to next quiz in quiz playlist
You Got
0%
They Got
Avg Score
80%
Avg Friend Score
Upgrade to see
Score Distribution
Jump to the score distribution portion of the page
Score
0/28
Timer
05:00
0
Plays Today
Country
City
% Correct
UK (England)
London
99.6%
Germany
Berlin
99.4%
Austria
Vienna
97.7%
Netherlands
Amsterdam
96.7%
Germany
Munich
95.8%
Norway
Oslo
95.7%
Sweden
Stockholm
95.6%
Denmark
Copenhagen
94.6%
Germany
Hamburg
93.2%
UK (England)
Manchester
91.5%
UK (England)
Birmingham
89.6%
Germany
Frankfurt
88.1%
Netherlands
Rotterdam
87.2%
UK (England)
Liverpool
85.1%
Country
City
% Correct
Germany
Cologne
82.7%
Netherlands
The Hague
76.6%
Belgium (Flanders)
Antwerp
76.3%
Germany
Düsseldorf
76.2%
Germany
Stuttgart
72%
Germany
Dresden
68.8%
Germany
Dortmund
66.9%
Sweden
Gothenburg
66.2%
Germany
Essen
66%
Germany
Bremen
61.4%
Germany
Leipzig
60.9%
Germany
Hanover
56.1%
UK (England)
Sheffield
55.4%
UK (England)
Bristol
54.9%
Quiz Playlist
Details
Report
Send in Message
Add To Playlist
Classic:
Type in answers that appear in a list
Quiz Source
Last Updated: Feb 16, 2017
Curator Pick in
Europe
Quiz Scoreboard
CHALLENGE
Sign Up to Join the Scoreboard
Show All
Scores
Hide
Comments
May contain spoilers
Recently Published
Two Season TV Shows II
by 123Four
Television
10m
Image Sorting: Flags VI
by Barbecue
Geography
2m
Find the 'City' Movie
by crazypaving
Movies
60s
More to Explore
Quiz From the Vault
Featured Blog Post
14 Easter Pick-up Lines to Find Eggs With
hide this ad
You Might Also Like...
Tags
City Quiz
Country Quiz
Europe Quiz
Population Quiz
Today's Top Quizzes in Geography
Browse Geography
hide this ad
Today's Top Quizzes in City
Browse City
Top Contributed Quizzes in Geography
1
Colored Red Europe Blitz I
2
Countries of the World - No Outlines Minefield
3
Colored Red Africa Blitz II
4
Colored Red Europe Blitz II
5
Colored Red Europe Blitz III
6
Colored Red Africa Blitz III
7
Colored Red States Blitz I
8
Colored Red States Blitz II
9
A Different View: World Oceans
10
Colored Red States Blitz III
Explore More
Trending Topics
Anime
Marvel
Crossword
Disney
Kpop
Harry Potter
NBA
Soccer
Country
Pokémon
Puzzle
The Office
NFL
Song
WWE
hide this ad
More By:
ThatSerbianGuy
Quiz
Plays
Rating
Category
Featured
Created
Social Networks Countries
56,806
4.55
Geography
Feb 10, 2015
Top Languages per US State
53,699
4.64
Language
Jun 11, 2015
Foreign-Born Population: Manhattan
49,346
4.74
Geography
Jul 23, 2014
Space-Spending Countries
45,712
4.65
Geography
Nov 3, 2014
Harry Potter Typing Challenge: Magical Creatures
38,657
4.25
Just For Fun
Nov 3, 2014
Go to Creator's Profile
Score Distribution
Quiz Creator Spotlight
ThatSerbianGuy
Follow
Send a Message
Quizzes Created
-
Created Quiz Play Count
-
More By This Creator
Popular Quizzes Today
1
Find the US States - No Outlines Minefield
2
Colored Red Africa Blitz
3
Find the 'City' Movie
4
5x2 Blitz: Bands
5
The Countries of the World
6
Find the Countries of Europe - No Outlines Minefield
7
Find the US States
8
US States
More Geography Quizzes
Canadian Flag Maps
Curator's Pick
Trending Quizzes
Colored Red Europe Blitz I
Colored Red Africa Blitz II
Colored Red Europe Blitz II
Even More Two Season TV Shows
Colored Red Africa Blitz III
Recently Updated
March Madness Men's Triple Doubles
pecheneg
How Do You Spell That?
pecheneg
Godzilla Movies
pecheneg
Grab Bag: 4-10 Letters
pecheneg
2024 March Madness Bracket
pecheneg
Famous TV Couples
Peacemaker
Champions League XIs: Real Madrid
pecheneg
Largest US Cities 1790-2010
pecheneg
Rides in Walt Disney World
pecheneg
Most Oscar Losses (Acting)
pecheneg
Trending Topics
Harry Potter
Anime
NBA
Kpop
Disney
Crossword
Marvel
WWE
Country
NFL
Puzzle
Song
The Office
Pokémon
Soccer
Your Account Isn't Verified!
In order to create a playlist on Sporcle, you need to verify the email address you used during registration. Go to your
Sporcle Settings
to finish the process.
Report this User
Report this user for behavior that violates our
Community Guidelines
.
Details:
Send Report
Go to the Sporcle.com Mobile Site →
Comments